| 000 | 01594cam a2200385 i 4500 | ||
|---|---|---|---|
| 001 | 17607237 | ||
| 005 | 20170105102846.0 | ||
| 008 | 130130s2013 enk b 001 0 eng | ||
| 010 | _a 2012047793 | ||
| 020 | _a9780415662291 (hardback) | ||
| 020 | _z9780203072479 (ebk) | ||
| 040 |
_aDLC _beng _cDLC _erda |
||
| 042 | _apcc | ||
| 043 | _an-us--- | ||
| 050 | 0 | 0 |
_aHV31 _b.R53 2013 |
| 082 | 0 | 0 |
_a174/.93626 _223 |
| 084 |
_aPOL028000 _aPOL007000 _aPOL017000 _2bisacsh |
||
| 100 | 1 | _aRichards, David A. J. | |
| 245 | 1 | 0 |
_aResisting injustice and the feminist ethics of care in the age of Obama : _b"suddenly,...all the truth was coming out " / _cDavid A.J. Richards. |
| 300 |
_axii, 212 pages : _c24 cm. |
||
| 490 | 0 |
_aRoutledge research in American politics and governance ; _v6 |
|
| 504 | _aIncludes bibliographical references (pages 189-206) and index. | ||
| 650 | 0 |
_aHuman services _zUnited States. |
|
| 650 | 0 |
_aFeminism _zUnited States. |
|
| 650 | 0 |
_aPatriarchy _zUnited States. |
|
| 650 | 0 |
_aPolitical psychology _zUnited States. |
|
| 650 | 0 |
_aConservatism _zUnited States. |
|
| 650 | 0 |
_aProtest movements _zUnited States. |
|
| 650 | 7 |
_aPOLITICAL SCIENCE / Public Policy / General. _2bisacsh |
|
| 650 | 7 |
_aPOLITICAL SCIENCE / Political Ideologies / Democracy. _2bisacsh |
|
| 650 | 7 |
_aPOLITICAL SCIENCE / Public Affairs & Administration. _2bisacsh |
|
| 906 |
_a7 _bcbc _corignew _d1 _eecip _f20 _gy-gencatlg |
||
| 942 |
_2ddc _cBK |
||
| 999 |
_c14068 _d14068 |
||